Stolice Województw Polski - wersja bez mapy - Statystyki

Ogólne statystyki
  • Ten quiz został rozwiązany 505 razy
  • Średni wynik to 16 z 18
Statystyki odpowiedzi
Województwo Stolica % Poprawnych
Łódzkie Łódź
98%
Mazowieckie Warszawa
97%
Pomorskie Gdańsk
95%
Lubelskie Lublin
94%
Opolskie Opole
93%
Zachodniopomorskie Szczecin
93%
Podlaskie Białystok
92%
Małopolskie Kraków
92%
Wielkopolskie Poznań
92%
Dolnośląskie Wrocław
90%
Śląskie Katowice
89%
Lubuskie Zielona Góra
89%
Kujawsko - pomorskie Bydgoszcz
87%
Kujawsko - pomorskie Toruń
87%
Świętokrzyskie Kielce
86%
Lubuskie Gorzów Wielkopolski
85%
Warmińsko - mazurskie Olsztyn
85%
Podkarpackie Rzeszów
82%
Nie znaleziono quizów pasujących do podanych kryteriów
Rozkład punktacji
Procent ludzi z każdym wynikiem
Percentyl według liczby udzielonych odpowiedzi
Twoja historia wyników
Nie rozwiązałeś tego quizu